Bookworm adventures 3

Bibliographic Details
Format: Book
Published: Singapore : Bookworm , 1990
Series:Bookworm
Subjects:

MARC

LEADER 00000cam a2200000 7i4500
001 0000009103
002 000009915
005 20000330.0
020 |a 9810011296 
090 0 0 |a JF   |b BOO 
245 0 0 |a Bookworm adventures 3 
260 |a Singapore :   |b Bookworm ,   |c 1990 
300 |a 76p. :   |b ill. ;   |c 20cm. 
490 0 |a Bookworm 
650 0 0 |a Children's stories 
999 |a 026503   |b BUKU   |c PINJAMAN   |e PERPUSTAKAAN KOMUNITI PETALING JAYA 
999 |a 026504   |b BUKU   |c PINJAMAN   |e PERPUSTAKAAN KOMUNITI PETALING JAYA 
999 |a 047161   |b BUKU   |c PINJAMAN   |e PERPUSTAKAAN KOMUNITI PETALING JAYA 
999 |a 047162   |b BUKU   |c PINJAMAN   |e PERPUSTAKAAN KOMUNITI PETALING JAYA 
999 |a 050869   |b BUKU   |c PINJAMAN   |e PERPUSTAKAAN KOMUNITI PETALING JAYA 
999 |a 050870   |b BUKU   |c PINJAMAN   |e PERPUSTAKAAN KOMUNITI PETALING JAYA 
999 |a 050871   |b BUKU   |c PINJAMAN   |e PERPUSTAKAAN KOMUNITI PETALING JAYA